000 01634cam a2200205 4500500
005 20260329023227.0
041 _afre
042 _adc
100 1 0 _aBost, François
_eauthor
700 1 0 _aCarroué, Laurent
_eauthor
700 1 0 _aColin, Sébastien
_eauthor
700 1 0 _aLaporte, Antoine
_eauthor
700 1 0 _aPihet, Christian
_eauthor
700 1 0 _aSanmartin, Olivier
_eauthor
700 1 0 _aTeurtrie, David
_eauthor
245 0 0 _aImages économiques du monde 2019 : Les nouvelles routes de la soie : vers une mondialisation chinoise ?
260 _bArmand Colin,
_c2018.
520 _aDOSSIER : Les Nouvelles Routes de la soie : vers une mondialisation chinoise ? par Sébastien COLIN POPULATION ET SOCIÉTÉ coordonné par Antoine LAPORTE ENTREPRISES ET ÉCHANGES coordonné par François BOST et Laurent CARROUÉ AMÉRIQUES coordonné par Christian PIHET EUROPE coordonné par Laurent CARROUÉ EURASIE coordonné par David TEURTRIE MAGHREB/MOYEN-ORIENT coordonné par Olivier SANMARTIN AFRIQUE SUBSAHARIENNE coordonné par François BOST ASIE-PACIFIQUE coordonné par Sébastien COLIN 7 zooms thématiques : Population – Inégalités – Villes – Mobilités – Éducation – Santé – Environnement L’actualité géoéconomique en 5 secteurs : Entreprises – Industries – Échanges – Finances – Agriculture – Ressources Le monde en 126 fiches pays et 24 tableaux statistiques synthétiques 60 auteurs géographes, historiens, économistes, politologues, journalistes
856 4 1 _uhttps://shs.cairn.info/images-economiques-du-monde-2019--9782200623296?lang=fr&redirect-ssocas=7080
999 _c1925650
_d1925650